| 000 | 00970nam0a22002891 4500 | ||
|---|---|---|---|
| 001 | rc\3438269 | ||
| 005 | 20250609234432.0 | ||
| 021 |
_aRU _b75-45234 |
||
| 021 |
_aRU _bРг9248-75 |
||
| 035 | _a(NLR Aleph) 007566903 | ||
| 090 |
_a5362107 _c5362106 |
||
| 100 | _a20130115d1974 |||y0rusy50 ca | ||
| 101 | 0 | _arus | |
| 102 | _aRU | ||
| 105 | _ay z ||||| | ||
| 200 | 1 | _aВопросы прикладного использования двойственных оценок | |
| 210 |
_aМосква _cБ. и. _d1974 |
||
| 215 |
_a37 с. _d21 |
||
| 225 | 1 | _aАН СССР. Центральный экономико-математический институт. Препринт | |
| 300 | _aНа обл. авт. не указан | ||
| 320 | _aБиблиогр.: с. 37 | ||
| 700 | 1 |
_aГдалевич _bС.С. _gСемен Соломонович |
|
| 801 | 0 |
_aRU _bNLR _gpsbo |
|
| 801 | 1 |
_aRU _bELAR _2rusmarc |
|
| 852 |
_aNLR _j75-4/7391 |
||
| 942 | _cBOOK | ||
| 980 | _aNB | ||